• 首页
  • 本馆介绍
  • 公告通知
  • 最新文献
  • 馆藏检索
  • 电子资源
  • 读者导购
  • 参考咨询
  • 我的图书馆
  • 登录
  • 详细信息显示
  • 放入我的书架
  • 预约/预借图书
  • 作者相关作品
  • 分类相关作品
  • 丛书相关作品
  • 出版社相关作品

书目信息

  • 表格格式
  • 工作单格式
  • 卡片格式
题名:
大学化学实验
    
 
作者: 高绍康 主编
分册:  
出版信息: 北京   化学工业出版社  2012
页数: 234页
开本: 26cm
丛书名:
单 册:
中图分类: O6-3
科图分类:
主题词: 化学实验--Hua Xue Shi Yan--高等学校--教材
电子资源:
ISBN: 978-7-122-14613-7
000 01015nam0 2200265 450
001 012001002677
005 20131015130749.0
010    @a978-7-122-14613-7@dCNY34.00
099    @aCAL 012012242487
100    @a20120913d2012 em y0chiy50 ea
101 0  @achi
102    @aCN@b110000
105    @aak a 000yy
106    @ar
200 1  @a大学化学实验@ADa Xue Hua Xue Shi Yan@f高绍康主编
210    @a北京@c化学工业出版社@d2012
215    @a234页@c图@d26cm
300    @a国家理科基础科学研究和教学人才培养基地教材 国家级实验教学示范中心教材
320    @a有书目 (第234页)
330    @a本书作为大学化学实验课程教材,分为化学实验基本知识和基本技术、实验两大部分,内容包括化学实验基本知识、化学实验常用仪器、化学实验基本操作和技术、基本操作和技能实验、物质的基本性质与分析实验、物质的制备与物化量的测定实验以及附录。
606 0  @a化学实验@AHua Xue Shi Yan@x高等学校@j教材
690    @aO6-3@v4
701  0 @a高绍康@AGao Shao Kang@4主编
801  0 @aCN@b北京卓展@c20191020
905    @b1205626-9@dO6-3@e1010@f4
    
    大学化学实验/高绍康主编.-北京:化学工业出版社,2012
    234页:图;26cm
    国家理科基础科学研究和教学人才培养基地教材 国家级实验教学示范中心教材
    
    ISBN 978-7-122-14613-7:CNY34.00
    本书作为大学化学实验课程教材,分为化学实验基本知识和基本技术、实验两大部分,内容包括化学实验基本知识、化学实验常用仪器、化学实验基本操作和技术、基本操作和技能实验、物质的基本性质与分析实验、物质的制备与物化量的测定实验以及附录。
●
相关链接 在E读中查询图书 在五车中查询图书 在当当中查询图书 在豆瓣中查询图书


正题名:大学化学实验     索取号:O6-3/1010         预约/预借

序号 登录号 条形码 馆藏地/架位号 状态 备注
1 1205626   212056264   第二样本阅览室/ [索取号:O6-3/1010] 在馆    
2 1205627   212056273   第三借阅区/ [索取号:O6-3/1010] 在馆    
3 1205628   212056282   第三借阅区/ [索取号:O6-3/1010] 在馆    
4 1205629   212056291   第三借阅区/ [索取号:O6-3/1010] 在馆    
唐山师范学院图书馆 欢迎您!
大连网信软件有限公司© 版权所有